[Event "Top Loire 2013-2014"]
[Site "Loire"]
[Date "2013.09.21"]
[Round "1.1"]
[White "Muller, Anthony"]
[Black "Aumont-Mathieu, Georges"]
[Result "1-0"]
[WhiteElo "2130"]
[BlackElo "1770"]
[PlyCount "69"]
[EventDate "2013.??.??"]

1. d4 Nf6 2. c4 e6 3. g3 c5 4. Nf3 Qa5+ 5. Nc3 d5 6. Bd2 Qb6 7. Na4 Qc7 8. dxc5
dxc4 9. b4 b5 10. Nc3 a6 11. Bf4 Qd7 12. Qb1 Bb7 13. Bg2 Be7 14. O-O O-O 15. a4
Nd5 16. Nxd5 exd5 17. Rd1 Bf6 18. e4 Bxa1 19. Qxa1 bxa4 20. exd5 a5 21. c6 Nxc6
22. dxc6 Qxc6 23. b5 Qxb5 24. Nd4 Qa6 25. Nf5 f6 26. Bxb7 Qxb7 27. Qxa4 Qb3 28.
Qd7 Rf7 29. Qd5 Raa7 30. Nd6 Rad7 31. Re1 g5 32. Re8+ Kg7 33. Nf5+ Kg6 34. Rg8+
Kh5 35. h3 1-0

[Event "Top Loire 2013-2014"]
[Site "Loire"]
[Date "2013.09.27"]
[Round "1.2"]
[White "Doran, Niall"]
[Black "Deville, Olivier"]
[Result "0-1"]
[WhiteElo "1702"]
[BlackElo "1939"]
[PlyCount "70"]
[EventDate "2013.??.??"]

1. e4 c5 2. Nf3 d6 3. c3 Nf6 4. Be2 g6 5. O-O Bg7 6. d3 O-O 7. h3 Nc6 8. Be3 b5
9. Nbd2 e5 10. Nh2 b4 11. f4 exf4 12. Bxf4 Re8 13. Nc4 Ne5 14. Nxe5 dxe5 15.
Bg5 h6 16. Be3 bxc3 17. bxc3 c4 18. Qc2 cxd3 19. Bxd3 Qa5 20. Bxh6 Qb6+ 21. Qf2
Qxf2+ 22. Rxf2 Bxh6 23. Rxf6 Be6 24. Rxe6 Rxe6 25. Bc4 Rd6 26. Bd5 Rb8 27. Nf3
Bf4 28. c4 Rdb6 29. c5 Be3+ 30. Kh2 Bxc5 31. Nxe5 Bd4 32. Rf1 Bxe5+ 33. Kg1 Rb1
34. Bxf7+ Kg7 35. Bd5 Bd4+ 0-1

[Event "Top Loire 2013-2014"]
[Site "Loire"]
[Date "2013.09.21"]
[Round "1.3"]
[White "Tchalimian, Pascal"]
[Black "Walter, Alain"]
[Result "1/2-1/2"]
[WhiteElo "1926"]
[BlackElo "1690"]
[PlyCount "76"]
[EventDate "2013.??.??"]

1. e4 d6 2. d4 Nf6 3. Bd3 g6 4. Nc3 Nc6 5. a3 Bg7 6. Nge2 O-O 7. Bg5 e5 8. dxe5
dxe5 9. Qd2 Be6 10. O-O-O Qc8 11. f3 a6 12. h4 h5 13. Qe3 b5 14. Bh6 b4 15.
axb4 Nxb4 16. Bxg7 Kxg7 17. Qc5 Qb7 18. Qxe5 Rab8 19. Nd5 Bxd5 20. exd5 Nbxd5
21. Be4 Rfe8 22. Qd4 Kg8 23. b3 Nxe4 24. fxe4 Nb6 25. Nc3 Re6 26. g4 hxg4 27.
h5 g5 28. h6 f6 29. Rh5 Kh7 30. Rxg5 c5 31. Rxc5 Rc8 32. Qf2 Qe7 33. Qf5+ Kh8
34. Qxg4 Rg8 35. Qh5 Re5 36. Rxe5 fxe5 37. Kb2 Nc4+ 38. bxc4 Qb4+ 1/2-1/2

[Event "Top Loire 2013-2014"]
[Site "Loire"]
[Date "2013.09.21"]
[Round "1.4"]
[White "Buisine, Roman"]
[Black "Andre, Gregory"]
[Result "0-1"]
[WhiteElo "1688"]
[BlackElo "1890"]
[PlyCount "106"]
[EventDate "2013.??.??"]

1. e4 e6 2. d4 d5 3. e5 c5 4. c3 Qb6 5. Nf3 Nc6 6. a3 Nh6 7. b4 cxb4 8. cxb4
Nf5 9. Be3 Be7 10. Bd3 O-O 11. Nc3 Nxe3 12. fxe3 f6 13. b5 Nd8 14. Nh4 f5 15.
Nf3 Nf7 16. O-O Ng5 17. Nxg5 Bxg5 18. Rf3 g6 19. Qe1 Qd8 20. Qf2 Bd7 21. g3 Rc8
22. Ne2 Qa5 23. h4 Bh6 24. a4 Qd2 25. Nf4 Rc1+ 26. Rxc1 Qxc1+ 27. Qf1 Qa3 28.
Qd1 Rc8 29. Rf1 Rc3 30. Bb1 Rxe3 31. Ne2 Qb2 32. Kf2 Ra3 33. Qc2 Be3+ 34. Kg2
Qxc2 35. Bxc2 Ra2 36. Kf3 Bd2 37. Bb3 Rb2 38. Bd1 Rb1 39. Nf4 a6 40. bxa6 bxa6
41. Be2 Rb3+ 42. Kg2 a5 43. Bd1 Ra3 44. Rf3 Ra2 45. Bb3 Rb2 46. Kh3 Kf7 47. Rd3
Bb4 48. Re3 h6 49. Bxd5 g5 50. hxg5 hxg5 51. Bxe6+ Bxe6 52. d5 g4+ 53. Kh4 Be7+
0-1

[Event "Top Loire 2013-2014"]
[Site "Loire"]
[Date "2013.09.21"]
[Round "1.5"]
[White "Garon, Pierre"]
[Black "Carteron, Olivier"]
[Result "0-1"]
[WhiteElo "1879"]
[BlackElo "1680"]
[PlyCount "66"]
[EventDate "2013.??.??"]

1. d4 d5 2. Nf3 Nf6 3. e3 Bf5 4. c4 c6 5. Nc3 e6 6. Qb3 Qc7 7. Bd2 Bd6 8. Rc1
dxc4 9. Bxc4 b6 10. Nb5 Qe7 11. Nxd6+ Qxd6 12. Bb4 Qc7 13. O-O Be4 14. Ne5 Nd5
15. f3 Bg6 16. Ba3 Ne7 17. d5 Qxe5 18. dxc6 Nbxc6 19. Bb5 Rc8 20. Qb4 O-O 21.
Bxc6 Nxc6 22. Rxc6 Qxe3+ 23. Kh1 h6 24. Qd6 Qe2 25. Rfc1 Rcd8 26. Qxf8+ Rxf8
27. Bxf8 Kxf8 28. Rc8+ Ke7 29. R8c7+ Kf6 30. Rxa7 Qxb2 31. Re1 Qd2 32. Ra1 b5
33. a3 Qd4 0-1

[Event "Top Loire 2013-2014"]
[Site "Loire"]
[Date "2013.09.21"]
[Round "1.6"]
[White "Bastien, Daniel"]
[Black "Cursoux, Gerard"]
[Result "0-1"]
[WhiteElo "1670"]
[BlackElo "1870"]
[PlyCount "96"]
[EventDate "2013.??.??"]

1. c4 e5 2. Nc3 Nc6 3. Nf3 Nf6 4. g3 d6 5. Bg2 Be6 6. d3 h6 7. O-O Be7 8. a3 a5
9. Bd2 O-O 10. Rb1 Qd7 11. Re1 d5 12. cxd5 Nxd5 13. Nxd5 Bxd5 14. Bc3 f6 15.
Nd2 a4 16. Bxd5+ Qxd5 17. b4 axb3 18. Qxb3 Qxb3 19. Rxb3 Rxa3 20. Reb1 Rxb3 21.
Rxb3 b6 22. Nc4 Ra8 23. Kg2 Kf7 24. Ne3 Ke6 25. Kf3 Bc5 26. Nc4 Kd5 27. Ne3+
Bxe3 28. Kxe3 Nd4 29. Rb2 b5 30. Kd2 Rb8 31. Bxd4 exd4 32. e4+ Kd6 33. f4 b4
34. Kc2 c5 35. Kb3 Ra8 36. Ra2 Rxa2 37. Kxa2 c4 38. dxc4 d3 39. Kb3 Kc5 40. e5
fxe5 41. fxe5 Kc6 42. Kb2 Kd7 43. Kc1 b3 44. c5 g6 45. g4 h5 46. gxh5 gxh5 47.
h4 Kc7 48. e6 Kc6 0-1

[Event "Top Loire 2013-2014"]
[Site "Loire"]
[Date "2013.09.18"]
[Round "1.7"]
[White "Frey, Thierry"]
[Black "Rasle, Corentin"]
[Result "1-0"]
[WhiteElo "1840"]
[BlackElo "1770"]
[PlyCount "39"]
[EventDate "2013.??.??"]

1. Nf3 d5 2. g3 c5 3. Bg2 Nc6 4. O-O e5 5. d3 Be7 6. e4 Bg4 7. exd5 Nd4 8. c3
Bxf3 9. Bxf3 Nxf3+ 10. Qxf3 Nf6 11. c4 h5 12. Nc3 Nd7 13. Ne4 Qc7 14. Bd2 f6
15. a3 h4 16. b4 b6 17. d6 Bxd6 18. Nxd6+ Ke7 19. Nf5+ Kf7 20. Qd5+ 1-0

[Event "Top Loire 2013-2014"]
[Site "Loire"]
[Date "2013.09.21"]
[Round "1.8"]
[White "Pareux, Marc"]
[Black "Samuel, Christian"]
[Result "0-1"]
[WhiteElo "1640"]
[BlackElo "1832"]
[PlyCount "62"]
[EventDate "2013.??.??"]

1. d4 Nf6 2. Nc3 d5 3. e4 Nxe4 4. Nxe4 dxe4 5. f3 e6 6. Bf4 Nc6 7. c3 Bd6 8.
Bxd6 cxd6 9. Qd2 exf3 10. Nxf3 O-O 11. O-O-O Qa5 12. Kb1 e5 13. d5 Ne7 14. Ng5
h6 15. Nf3 Bd7 16. Be2 Rac8 17. Rhf1 Ba4 18. c4 Qxd2 19. Rxd2 f5 20. h4 e4 21.
Nd4 Bd7 22. h5 Rf6 23. Rf4 g5 24. hxg6 Nxg6 25. Rf1 Rcf8 26. g3 Ne5 27. Rf4 Rg6
28. Rh4 Kg7 29. Ne6+ Bxe6 30. dxe6 Rxe6 31. Bf1 Nf3 0-1

[Event "Top Loire 2013-2014"]
[Site "Loire"]
[Date "2013.10.05"]
[Round "2.1"]
[White "Frey, Thierry"]
[Black "Muller, Anthony"]
[Result "0-1"]
[WhiteElo "1840"]
[BlackElo "2130"]
[PlyCount "42"]
[EventDate "2013.??.??"]

1. Nf3 Nf6 2. g3 g6 3. Bg2 Bg7 4. O-O O-O 5. d3 d5 6. Nbd2 c5 7. Re1 Nc6 8. c3
e5 9. e4 d4 10. cxd4 cxd4 11. Nc4 Ne8 12. Bg5 f6 13. Bd2 Be6 14. b3 b5 15. Na3
Nd6 16. Nc2 g5 17. Nfxd4 Nxd4 18. Nxd4 exd4 19. e5 fxe5 20. Bxa8 Qxa8 21. Rc1
Bh3 0-1

[Event "Top Loire 2013-2014"]
[Site "Loire"]
[Date "2013.10.05"]
[Round "2.2"]
[White "Deville, Olivier"]
[Black "Samuel, Christian"]
[Result "0-1"]
[WhiteElo "1939"]
[BlackElo "1832"]
[PlyCount "76"]
[EventDate "2013.??.??"]

1. Nf3 d5 2. c4 c6 3. e3 Nf6 4. Nc3 e6 5. Qc2 Be7 6. b3 Nbd7 7. Bb2 O-O 8. Be2
b6 9. Rg1 e5 10. d3 Bb7 11. g4 Rc8 12. g5 Ne8 13. h4 Nc7 14. h5 Ne6 15. g6 fxg6
16. hxg6 h6 17. O-O-O Ng5 18. Rg3 Rf6 19. Nxg5 hxg5 20. Rxg5 Rxf2 21. Rh5 Nf6
22. Rxe5 Ng4 23. Rh5 Bg5 24. Kb1 Nxe3 25. Rdh1 Bh6 26. Qc1 d4 27. Ba3 c5 28.
Qe1 Qf6 29. Ne4 Bxe4 30. dxe4 Ng2 31. Qd1 Nf4 32. Rf5 Nxe2 33. Qxe2 Rxe2 34.
Rxf6 gxf6 35. Rxh6 Kg7 36. Rh7+ Kxg6 37. Rxa7 Rd8 38. b4 d3 0-1

[Event "Top Loire 2013-2014"]
[Site "Loire"]
[Date "2013.10.05"]
[Round "2.3"]
[White "Andre, Gregory"]
[Black "Furnon, Yannick"]
[Result "1/2-1/2"]
[WhiteElo "1890"]
[BlackElo "1800"]
[PlyCount "36"]
[EventDate "2013.??.??"]

1. Nf3 d5 2. c4 e6 3. g3 d4 4. d3 Nc6 5. Bg2 Nf6 6. O-O Be7 7. a3 a5 8. Nbd2
O-O 9. b3 e5 10. Ne4 Nxe4 11. dxe4 Bg4 12. Ne1 Qd7 13. Nd3 Rad8 14. Rb1 Bh3 15.
f3 Bxg2 16. Kxg2 f5 17. exf5 Qxf5 18. Bb2 g5 1/2-1/2

[Event "Top Loire 2013-2014"]
[Site "Loire"]
[Date "2013.10.05"]
[Round "2.4"]
[White "Cursoux, Gerard"]
[Black "Carteron, Olivier"]
[Result "1-0"]
[WhiteElo "1870"]
[BlackElo "1680"]
[PlyCount "41"]
[EventDate "2013.??.??"]

1. e4 e6 2. d3 d5 3. Nd2 c5 4. g3 Nc6 5. Bg2 d4 6. Ne2 e5 7. O-O Nf6 8. h3 h5
9. f4 h4 10. g4 Bxg4 11. hxg4 Nxg4 12. Nc4 h3 13. Bf3 h2+ 14. Kh1 Qh4 15. Bxg4
Qxg4 16. Nxe5 Nxe5 17. fxe5 g5 18. Qe1 Be7 19. Qf2 O-O-O 20. Qf5+ Qxf5 21. Rxf5
1-0

[Event "Top Loire 2013-2014"]
[Site "Loire"]
[Date "2013.10.05"]
[Round "2.5"]
[White "Aumont-Mathieu, Georges"]
[Black "Tchalimian, Pascal"]
[Result "0-1"]
[WhiteElo "1770"]
[BlackElo "1926"]
[PlyCount "72"]
[EventDate "2013.??.??"]

1. e4 c5 2. c3 d5 3. exd5 Qxd5 4. d4 Nc6 5. Nf3 Bg4 6. Be2 cxd4 7. cxd4 e6 8.
Nc3 Bb4 9. Bd2 Bxc3 10. bxc3 Nge7 11. h3 Bh5 12. O-O O-O 13. Qb3 Na5 14. Qxd5
exd5 15. g4 Bg6 16. Ne5 Rac8 17. Rfe1 f6 18. Nxg6 Nxg6 19. Bf3 Rfd8 20. Rab1 a6
21. Re6 Rc7 22. Rbe1 Kf7 23. Kf1 Nc4 24. Bc1 Nge5 25. R6xe5 fxe5 26. dxe5 Rc6
27. g5 Re6 28. Bf4 Rb6 29. Rd1 Rb5 30. Be2 Rc5 31. Bg4 Ke7 32. Ke2 Ra5 33. Ra1
Ra3 34. Kd3 b5 35. Kd4 Na5 36. Bd1 Nc6+ 0-1

[Event "Top Loire 2013-2014"]
[Site "Loire"]
[Date "2013.09.28"]
[Round "2.6"]
[White "Walter, Alain"]
[Black "Garon, Pierre"]
[Result "1-0"]
[WhiteElo "1690"]
[BlackElo "1879"]
[PlyCount "81"]
[EventDate "2013.??.??"]

1. e4 Nf6 2. e5 Nd5 3. c4 Nb6 4. d4 d6 5. exd6 cxd6 6. Nf3 Bg4 7. Bd3 Nc6 8.
Be3 g6 9. Nbd2 Bg7 10. h3 Bxf3 11. Nxf3 O-O 12. Qd2 Re8 13. O-O d5 14. c5 Nd7
15. b4 Nf6 16. b5 Na5 17. Rac1 Ne4 18. Qc2 f5 19. Ne5 Rc8 20. Bf4 e6 21. f3 Ng5
22. Qd2 Nf7 23. Rfe1 b6 24. c6 Qh4 25. Bf1 h6 26. Nxg6 Qh5 27. Ne5 Ng5 28. Kh2
Re7 29. g4 Nxf3+ 30. Nxf3 fxg4 31. Ne5 Nc4 32. Nxc4 dxc4 33. Rxc4 Qxb5 34. hxg4
Rxc6 35. Rxc6 Qxc6 36. d5 Qd7 37. dxe6 Qa4 38. Bd6 Re8 39. Qf2 Qc6 40. Qf7+ Kh8
41. Qd7 1-0

[Event "Top Loire 2013-2014"]
[Site "Loire"]
[Date "2013.10.05"]
[Round "2.7"]
[White "Rasle, Corentin"]
[Black "Bastien, Daniel"]
[Result "0-1"]
[WhiteElo "1770"]
[BlackElo "1670"]
[PlyCount "82"]
[EventDate "2013.??.??"]

1. f4 d6 2. Nf3 e6 3. e4 Nc6 4. Bb5 Bd7 5. Nc3 Be7 6. d4 a6 7. Bxc6 Bxc6 8. O-O
Nf6 9. e5 Nd5 10. Bd2 Nxc3 11. bxc3 Bxf3 12. Qxf3 d5 13. Rab1 Rb8 14. f5 exf5
15. Qxf5 O-O 16. Rf3 Qc8 17. Qh5 Qe6 18. Rg3 f5 19. Rf1 Rf7 20. Bg5 Rbf8 21.
Bh6 Kh8 22. Bg5 Bxg5 23. Qxg5 g6 24. Rgf3 Kg7 25. h3 h6 26. Qd2 b5 27. Rb1 g5
28. Rbf1 Kg6 29. Qe3 h5 30. R3f2 f4 31. Qd3+ Qf5 32. Qxf5+ Rxf5 33. Rf3 g4 34.
hxg4 hxg4 35. Rd3 Re8 36. Kf2 Kg5 37. Ke2 Rh8 38. Rdd1 Rh2 39. Kf2 f3 40. Kg1
Rxg2+ 41. Kh1 Kf4 0-1

[Event "Top Loire 2013-2014"]
[Site "Loire"]
[Date "2013.10.05"]
[Round "2.8"]
[White "Pareux, Marc"]
[Black "Doran, Niall"]
[Result "1/2-1/2"]
[WhiteElo "1640"]
[BlackElo "1702"]
[PlyCount "39"]
[EventDate "2013.??.??"]

1. d4 Nf6 2. c4 g6 3. Nc3 Bg7 4. e4 d6 5. f3 O-O 6. Be3 e5 7. d5 Nh5 8. g4 Nf4
9. h4 f5 10. gxf5 gxf5 11. Qd2 fxe4 12. Nxe4 Bf5 13. O-O-O Na6 14. Ng3 Qe8 15.
Nxf5 Rxf5 16. Bd3 Nxd3+ 17. Qxd3 Qd7 18. h5 Nb4 19. Qb3 a5 20. Rh2 1/2-1/2

[Event "Top Loire 2013-2014"]
[Site "Loire"]
[Date "2013.10.05"]
[Round "2.9"]
[White "Libiszewski, Christian"]
[Black "Buisine, Roman"]
[Result "0-1"]
[WhiteElo "1590"]
[BlackElo "1688"]
[PlyCount "92"]
[EventDate "2013.??.??"]

1. e4 c5 2. Nf3 e6 3. c3 d5 4. exd5 exd5 5. d4 Nf6 6. h3 Bd6 7. Bd3 O-O 8. O-O
Nc6 9. Bg5 Be6 10. Re1 Be7 11. Nbd2 Qb6 12. Ne5 cxd4 13. Nxc6 bxc6 14. Qc2 dxc3
15. bxc3 h6 16. Rab1 Qc7 17. Be3 Nh5 18. Nf3 Nf4 19. Bf5 Bxf5 20. Qxf5 Ne6 21.
Nd4 Nxd4 22. Bxd4 Bd6 23. Qg4 f6 24. Be3 Kh8 25. Rb3 Rab8 26. Reb1 Be5 27. Qg6
Rxb3 28. Rxb3 Qf7 29. Qd3 Rc8 30. Qa6 Rc7 31. Rb8+ Kh7 32. Qd3+ g6 33. Bc5 Rb7
34. Rxb7 Qxb7 35. g3 Qb5 36. Qxb5 cxb5 37. Bxa7 Bxc3 38. Kf1 Kg7 39. Ke2 Kf7
40. f3 Ke6 41. Kd3 Bb4 42. g4 f5 43. Kd4 Be1 44. Kc5 Bf2+ 45. Kxb5 Bxa7 46. a4
Ke5 0-1

[Event "Top Loire 2013-2014"]
[Site "Loire"]
[Date "2013.11.09"]
[Round "3.1"]
[White "Muller, Anthony"]
[Black "Cursoux, Gerard"]
[Result "1-0"]
[WhiteElo "2130"]
[BlackElo "1870"]
[PlyCount "147"]
[EventDate "2013.??.??"]

1. d4 Nf6 2. c4 e6 3. Nf3 b6 4. g3 Ba6 5. Nbd2 c5 6. Bg2 Bb7 7. O-O cxd4 8.
Nxd4 Bxg2 9. Kxg2 Qc7 10. e4 a6 11. Qe2 Nc6 12. Nxc6 dxc6 13. Nf3 Nd7 14. Rd1
Be7 15. Bf4 e5 16. Be3 O-O 17. Rd2 Nf6 18. Bg5 Rfd8 19. Rad1 Rxd2 20. Rxd2 Rd8
21. Rxd8+ Bxd8 22. Qd3 Be7 23. Ne1 Ne8 24. Be3 Nf6 25. f3 Nd7 26. Qc3 Qd6 27.
Nd3 Kf8 28. b4 f6 29. c5 bxc5 30. bxc5 Qb8 31. Qb3 Qb5 32. Qxb5 axb5 33. Kf2
Ke8 34. Nb4 Nxc5 35. Nxc6 Na6 36. f4 Kd7 37. Nxe7 Kxe7 38. Kf3 Ke6 39. Kg4 Nb4
40. a3 Na6 41. h4 Nc7 42. f5+ Kd6 43. Kf3 Kc6 44. g4 Ne8 45. g5 Nd6 46. Bd2 Kd7
47. Bb4 Nc4 48. Bf8 fxg5 49. hxg5 g6 50. f6 Ke8 51. Bb4 Kf7 52. Ke2 Nb6 53. Kd3
Nd7 54. Kc3 h6 55. gxh6 Nxf6 56. Kd3 g5 57. Bd6 Ng4 58. Kc3 Nxh6 59. Bxe5 Ke6
60. Kd4 Nf7 61. Bg3 Nd6 62. Be1 Nc4 63. a4 Nd6 64. a5 Nc8 65. Bg3 Kd7 66. Kc5
Na7 67. Bb8 Nc8 68. Kxb5 Nd6+ 69. Bxd6 Kxd6 70. a6 Kc7 71. e5 g4 72. a7 Kb7 73.
e6 g3 74. e7 1-0

[Event "Top Loire 2013-2014"]
[Site "Loire"]
[Date "2013.11.09"]
[Round "3.2"]
[White "Samuel, Christian"]
[Black "Andre, Gregory"]
[Result "0-1"]
[WhiteElo "1832"]
[BlackElo "1890"]
[PlyCount "76"]
[EventDate "2013.??.??"]

1. d4 Nf6 2. Nf3 e6 3. c4 b6 4. g3 Bb7 5. Bg2 c5 6. O-O cxd4 7. Nxd4 Bxg2 8.
Kxg2 Qc7 9. Nd2 a6 10. b3 Nc6 11. Bb2 Bc5 12. e3 O-O 13. Qc2 Qb7 14. Kg1 Rfd8
15. Ne4 Nxe4 16. Qxe4 d5 17. Qg2 Rac8 18. Nxc6 Qxc6 19. Rad1 Qa8 20. cxd5 Rxd5
21. Rxd5 Qxd5 22. Qxd5 exd5 23. Rd1 Rd8 24. a3 a5 25. Bd4 f6 26. b4 axb4 27.
axb4 Bxd4 28. Rxd4 Kf7 29. g4 Ke6 30. h4 Rc8 31. Kg2 Rc4 32. f4 Kd6 33. Kf3
Rxd4 34. exd4 Kc6 35. f5 Kb5 36. Kf4 Kxb4 37. g5 Kc4 38. h5 h6 0-1

[Event "Top Loire 2013-2014"]
[Site "Loire"]
[Date "2013.11.09"]
[Round "3.3"]
[White "Furnon, Yannick"]
[Black "Walter, Alain"]
[Result "1-0"]
[WhiteElo "1800"]
[BlackElo "1690"]
[PlyCount "63"]
[EventDate "2013.??.??"]

1. d4 Nf6 2. c4 c5 3. d5 b5 4. Nf3 d6 5. Nbd2 g6 6. e4 Bg7 7. cxb5 Qa5 8. Bd3
a6 9. Qe2 O-O 10. O-O Bb7 11. Nc4 Qc7 12. b6 Qd8 13. Bd2 Nbd7 14. a4 Nxb6 15.
Ba5 Nfd7 16. Nfd2 Qc7 17. Nxb6 Nxb6 18. Nc4 Rab8 19. Bxb6 Qd7 20. Ba5 e6 21.
Ne3 Ba8 22. Bc3 Bd4 23. Bc4 e5 24. Bxa6 f5 25. Bb5 Qg7 26. f3 Bb7 27. Bxd4 exd4
28. Nc4 Qe7 29. Rae1 fxe4 30. Qxe4 Qxe4 31. fxe4 Rxf1+ 32. Rxf1 1-0

[Event "Top Loire 2013-2014"]
[Site "Loire"]
[Date "2013.11.09"]
[Round "3.4"]
[White "Tchalimian, Pascal"]
[Black "Deville, Olivier"]
[Result "1/2-1/2"]
[WhiteElo "1926"]
[BlackElo "1939"]
[PlyCount "94"]
[EventDate "2013.??.??"]

1. e4 c5 2. Nf3 d6 3. d4 cxd4 4. Nxd4 Nf6 5. Nc3 a6 6. Bg5 e6 7. f4 h6 8. Bh4
Qb6 9. Bxf6 gxf6 10. Qd2 Qxb2 11. Nb3 Qa3 12. Be2 Nc6 13. O-O h5 14. Rae1 Bd7
15. f5 Be7 16. Kh1 Rc8 17. Rf3 Qb4 18. Ref1 e5 19. Rd3 Nd4 20. Nxd4 exd4 21.
Nd5 Qb2 22. Rc1 Ba4 23. Rxd4 Qxa2 24. Qb4 Rxc2 25. Rxc2 Qxc2 26. Qxa4+ Qxa4 27.
Rxa4 Bd8 28. Rb4 b5 29. Rb3 O-O 30. Ra3 Re8 31. Rxa6 Rxe4 32. Rxd6 Rxe2 33.
Rxd8+ Kg7 34. Kg1 Rd2 35. Rd7 b4 36. Rb7 Rxd5 37. Rxb4 Rxf5 38. Rb8 Ra5 39. Rc8
f5 40. Rb8 Ra2 41. Rc8 Kf6 42. Rb8 f4 43. Rh8 Ra5 44. Kf2 Rg5 45. Kf3 Kf5 46.
Rh7 f6 47. Rh6 Ke5 1/2-1/2

[Event "Top Loire 2013-2014"]
[Site "Loire"]
[Date "2013.11.09"]
[Round "3.5"]
[White "Carteron, Olivier"]
[Black "Frey, Thierry"]
[Result "0-1"]
[WhiteElo "1680"]
[BlackElo "1840"]
[PlyCount "96"]
[EventDate "2013.??.??"]

1. d4 Nf6 2. Nf3 g6 3. c4 Bg7 4. Nc3 O-O 5. g3 d6 6. Bg2 Nbd7 7. O-O c6 8. e4
e5 9. h3 a6 10. d5 cxd5 11. cxd5 b5 12. a3 Nc5 13. Ne1 Nh5 14. Kh2 f5 15. exf5
Nf6 16. fxg6 hxg6 17. Bg5 Qb6 18. Be3 Qc7 19. Rc1 Qd7 20. b4 Na4 21. Nxa4 bxa4
22. Qc2 Bb7 23. Rd1 Kh7 24. Nf3 Bh6 25. Bxh6 Kxh6 26. Qd2+ Kg7 27. Ng5 Rh8 28.
Ne6+ Kf7 29. h4 Bxd5 30. Bxd5 Nxd5 31. Qxd5 Qxe6 32. Qxd6 Rhc8 33. Qxe6+ Kxe6
34. Rc1 Rd8 35. Rc6+ Rd6 36. Rxd6+ Kxd6 37. Rd1+ Ke6 38. Rd3 Rc8 39. f3 Rc2+
40. Kh3 Rb2 41. Re3 Rb3 42. Re2 Rxf3 43. Rg2 Kf5 44. h5 gxh5 45. Kh4 e4 46. Rc2
e3 47. Re2 Ke4 48. Kh3 Kd3 0-1

[Event "Top Loire 2013-2014"]
[Site "Loire"]
[Date "2013.11.02"]
[Round "3.6"]
[White "Buisine, Roman"]
[Black "Bastien, Daniel"]
[Result "1-0"]
[WhiteElo "1688"]
[BlackElo "1670"]
[PlyCount "79"]
[EventDate "2013.??.??"]

1. e4 d6 2. d4 g6 3. g3 Bg7 4. Bg2 c6 5. Ne2 Nf6 6. O-O O-O 7. f4 Bg4 8. h3
Bxe2 9. Qxe2 Na6 10. c3 Nc7 11. Kh2 Nd7 12. Nd2 Re8 13. e5 d5 14. Nf3 Rf8 15.
Be3 e6 16. g4 f5 17. Ng5 Bh6 18. h4 Bxg5 19. fxg5 Qe7 20. Rh1 Rae8 21. Bf3 f4
22. Bd2 Rf7 23. Raf1 Ref8 24. Kg2 Rg7 25. Rf2 Nb6 26. b3 Qa3 27. Bc1 Qe7 28.
Qd3 Qf7 29. Bd1 Qe7 30. Rhf1 Rgf7 31. Bxf4 Nd7 32. Bc2 Rg7 33. Rf3 Qe8 34. Rh1
Qf7 35. h5 gxh5 36. gxh5 Qf5 37. Qxf5 exf5 38. g6 Re7 39. Bg5 Ree8 40. Bxf5 1-0

[Event "Top Loire 2013-2014"]
[Site "Loire"]
[Date "2013.11.09"]
[Round "3.7"]
[White "Rasle, Corentin"]
[Black "Pareux, Marc"]
[Result "1-0"]
[WhiteElo "1770"]
[BlackElo "1640"]
[PlyCount "65"]
[EventDate "2013.??.??"]

1. f4 g6 2. Nf3 Bg7 3. e3 d5 4. d4 Nf6 5. Bd3 c5 6. b3 b6 7. Bb2 O-O 8. O-O Ba6
9. Ne5 Bxd3 10. Qxd3 e6 11. Nd2 Nfd7 12. Ndf3 f6 13. Nxd7 Nxd7 14. Ba3 a5 15.
Qb5 Qc7 16. Qd3 Rfe8 17. Rac1 Qb7 18. c4 Bf8 19. Rfe1 Rac8 20. e4 Nb8 21. exd5
exd5 22. Rxe8 Rxe8 23. dxc5 Na6 24. c6 Qxc6 25. Bxf8 Kxf8 26. Qxd5 Qxd5 27.
cxd5 Nb4 28. d6 Nxa2 29. Rc6 Rb8 30. Nd4 Nb4 31. Rc7 Re8 32. d7 Nd5 33. dxe8=Q+
1-0

[Event "Top Loire 2013-2014"]
[Site "Loire"]
[Date "2013.11.09"]
[Round "3.8"]
[White "Doran, Niall"]
[Black "Libiszewski, Christian"]
[Result "1-0"]
[WhiteElo "1702"]
[BlackElo "1590"]
[PlyCount "105"]
[EventDate "2013.??.??"]

1. e4 e6 2. d4 d5 3. e5 c5 4. c3 Qb6 5. Nf3 Bd7 6. Bd3 Bb5 7. O-O Nc6 8. Bxb5
Qxb5 9. a4 Qb6 10. dxc5 Bxc5 11. b4 Be7 12. Re1 Bd8 13. Qd3 h6 14. Na3 a6 15.
Be3 Qc7 16. b5 Na5 17. bxa6 bxa6 18. Rab1 Nc4 19. Nxc4 Qxc4 20. Qxc4 dxc4 21.
Rb4 Rc8 22. Nd2 Ba5 23. Rxc4 Rxc4 24. Nxc4 Bxc3 25. Rb1 f6 26. exf6 Bxf6 27.
Rb6 Kd7 28. Rxa6 Ne7 29. Rd6+ Ke8 30. Rxe6 Kf7 31. Rb6 Rd8 32. Kf1 g5 33. Nd6+
Kg6 34. Ne4 Nd5 35. Ra6 Kf5 36. Nxf6 Nxf6 37. Ke2 Rc8 38. Kd3 Nd5 39. Rxh6 Ra8
40. Kd4 Nxe3 41. Kxe3 Rxa4 42. Rc6 Ra3+ 43. Kd2 Ra2+ 44. Rc2 Ra5 45. h3 Rb5 46.
Ke3 Rb3+ 47. Ke2 Rb5 48. g3 Rb1 49. Kf3 Rb3+ 50. Kg2 Rb5 51. Rc4 Rb2 52. h4 g4
53. Rf4+ 1-0

[Event "Top Loire 2013-2014"]
[Site "Loire"]
[Date "2013.11.02"]
[Round "3.9"]
[White "Garon, Pierre"]
[Black "Aumont-Mathieu, Georges"]
[Result "1-0"]
[WhiteElo "1879"]
[BlackElo "1770"]
[PlyCount "65"]
[EventDate "2013.??.??"]

1. d4 Nf6 2. Nf3 e6 3. Nbd2 d5 4. e3 Bd6 5. Bd3 c5 6. b3 Nc6 7. Bb2 Qa5 8. O-O
Nb4 9. Be2 Qc7 10. c4 cxd4 11. exd4 b6 12. a3 Nc6 13. Bd3 Ng4 14. h3 h5 15.
cxd5 exd5 16. Re1+ Be6 17. hxg4 hxg4 18. Ne5 Bxe5 19. dxe5 Qe7 20. Qc2 Rc8 21.
g3 Qg5 22. Bb5 Bd7 23. Qd3 Qh6 24. Kf1 Ne7 25. Bxd7+ Kxd7 26. Rac1 Qh3+ 27. Ke2
Rxc1 28. Rxc1 Ke6 29. b4 Qg2 30. Qd4 Rh5 31. Qxg4+ Rf5 32. Bd4 g6 33. Nf3 1-0

[Event "Top Loire 2013-2014"]
[Site "Loire"]
[Date "2013.12.07"]
[Round "4.1"]
[White "Andre, Gregory"]
[Black "Muller, Anthony"]
[Result "0-1"]
[WhiteElo "1890"]
[BlackElo "2135"]
[PlyCount "64"]
[EventDate "2013.??.??"]

1. e4 e6 2. d4 d5 3. e5 c5 4. c3 Qb6 5. Nf3 Nc6 6. a3 c4 7. Nbd2 Na5 8. g3 Bd7
9. h4 f5 10. Bh3 Ne7 11. O-O g6 12. Ne1 h6 13. Kh2 g5 14. Rg1 O-O-O 15. a4 Kb8
16. Nc2 Nc8 17. f4 Be7 18. Qe1 Rdg8 19. Ne3 Qd8 20. Nxd5 exd5 21. e6 Bc6 22.
Bxf5 Rf8 23. Bc2 gxf4 24. Nf3 fxg3+ 25. Rxg3 Bd6 26. Ne5 Qxh4+ 27. Kg2 Rhg8 28.
Bd2 Ne7 29. Qe3 Rxg3+ 30. Qxg3 Rg8 31. Bg6 Rxg6 32. Nxc6+ Naxc6 0-1

[Event "Top Loire 2013-2014"]
[Site "Loire"]
[Date "2013.12.07"]
[Round "4.2"]
[White "Furnon, Yannick"]
[Black "Tchalimian, Pascal"]
[Result "1-0"]
[WhiteElo "1800"]
[BlackElo "1926"]
[PlyCount "127"]
[EventDate "2013.??.??"]

1. d4 Nf6 2. c4 c5 3. d5 b5 4. Nd2 Qa5 5. Qc2 d6 6. e4 bxc4 7. Bxc4 g6 8. Ngf3
Bg7 9. h3 O-O 10. O-O Nbd7 11. Rb1 Nb6 12. b3 Nh5 13. Bd3 Ba6 14. Bxa6 Qxa6 15.
a3 Rfc8 16. Bb2 Bxb2 17. Qxb2 Nf4 18. g3 Nh5 19. Rfc1 Nf6 20. Qa2 Rab8 21. Rc2
Qd3 22. Re1 a5 23. Re3 Qa6 24. Nc4 a4 25. Nxb6 axb3 26. Rxb3 Rxb6 27. Rxb6 Qxb6
28. e5 Nxd5 29. exd6 exd6 30. Ng5 Qb7 31. Rb2 Qc6 32. Rd2 c4 33. Qc2 h6 34. Ne4
Kf8 35. Rd4 f5 36. Nd2 Nb6 37. Qc3 Kg8 38. Qe3 d5 39. Qxh6 Qf6 40. Nf3 c3 41.
Rd1 Rc6 42. Re1 Re6 43. Rxe6 Qxe6 44. Qf4 Nd7 45. Qd4 Qc6 46. Ne1 Qc5 47. Nc2
Kf7 48. Qxc5 Nxc5 49. Kf1 Ke6 50. Ke2 Ke5 51. Ke3 Nb3 52. f4+ Kd6 53. Kd3 Nc1+
54. Ke3 Kc5 55. g4 fxg4 56. hxg4 Nb3 57. f5 gxf5 58. gxf5 d4+ 59. Ke4 Kd6 60.
Nb4 Kc5 61. Kd3 Nc1+ 62. Kc2 Ne2 63. f6 Nf4 64. Nd3+ 1-0